|
|
|
|
| LEADER |
01201nam a2200301 a 4500 |
| 001 |
35656 |
| 003 |
BD-DhAAL |
| 005 |
20191105133849.0 |
| 008 |
191105t1987 enka b 001 0 eng |
| 999 |
|
|
|c 41763
|d 41763
|
| 010 |
|
|
|a 87013733
|
| 020 |
|
|
|a 0709941625 :
|c £18.95
|
| 040 |
|
|
|a DLC
|c DLC
|d DLC
|d BD-DhAAL
|
| 050 |
0 |
0 |
|a LB1590.3
|b .L36 1987
|
| 082 |
0 |
0 |
|a 371.102
|2 19
|
| 100 |
1 |
|
|a Langford, Peter
|q (Peter E.)
|9 36801
|
| 245 |
1 |
0 |
|a Concept development in the primary school /
|c Peter Langford.
|
| 260 |
|
|
|a London ;
|a New York :
|b Croom Helm,
|c c1987.
|
| 300 |
|
|
|a 133 pages :
|b illustrations ;
|c 22 cm.
|
| 504 |
|
|
|a Includes bibliographical references(pages 101-129.) and indexes.
|
| 526 |
|
|
|a BIED
|
| 541 |
|
|
|a Complimentary copy from BIED
|e 35656
|
| 650 |
|
0 |
|a Thought and thinking
|x Study and teaching (Primary)
|9 36802
|
| 650 |
|
0 |
|a Cognition in children.
|9 36803
|
| 650 |
|
0 |
|a Social science
|9 36804
|
| 852 |
|
|
|a Ayesha Abed Library
|c General Stacks
|
| 942 |
|
|
|2 ddc
|c BK
|
| 952 |
|
|
|0 0
|1 0
|2 ddc
|4 0
|6 371_102000000000000_LAN
|7 0
|9 67044
|a BRACUL
|b BRACUL
|c GEN
|d 2019-11-05
|e Complimentary copy from BIED
|l 0
|o 371.102 LAN
|p 3010035656
|r 2019-11-05
|t 1
|w 2019-11-05
|y BK
|x Transferred from BIED to General Stacks
|